| 000 | 01077cam a2200325 a 4500 | ||
|---|---|---|---|
| 999 |
_c29121 _d29092 |
||
| 001 | 1843469 | ||
| 003 | EG-ScBUE | ||
| 005 | 20210519113950.0 | ||
| 008 | 811028s1982 enkb f b 001 0 eng d | ||
| 020 | _a0043701132 (pbk.) | ||
| 040 |
_aDLC _beng _erda _cDLC _dDLC _dEG-ScBUE |
||
| 043 | _af-sa--- | ||
| 082 | 0 | 4 |
_a370.968 _bEDU _222 |
| 245 | 0 | 0 |
_aEducation in Africa : _ba comparative survey / _cedited by A. Babs Fafunwa, J.U. Aisiku. |
| 264 | 1 |
_aLondon : _bGeorge Allen & Unwin, _c1982. |
|
| 300 |
_a270 pages : _bmaps ; _c22 cm |
||
| 336 |
_2rdacontent _atext _btxt |
||
| 337 |
_2rdamedia _aunmediated _bn |
||
| 338 |
_2rdacarrier _avolume _bnc |
||
| 504 | _aIncludes bibliographical references and index. | ||
| 650 | 7 |
_aEducation _zSouth Africa. _2BUEsh |
|
| 650 | 7 |
_aComparative education. _2BUEsh |
|
| 653 |
_bGGEN _cMay2021 |
||
| 655 |
_vReading book _934232 |
||
| 700 | 1 |
_aFafunwa, A. Babs, _d1923- _eeditor. |
|
| 700 | 1 |
_aAisiku, J. U., _eeditor. |
|
| 906 |
_a7 _bcbc _corignew _d1 _eocip _f19 _gy-gencatlg |
||
| 942 |
_2ddc _cBB |
||